Kontrola kvality v prostredí malých a stredných audítorských spoločností
Uplatňovanie požiadaviek medzinárodného štandardu ISQC 1 - Kontrola kvality pre firmy, ktoré vykonávajú audit a preverenia finančných výkazov a zákazky na ostatné uisťovacie a súvisiace služby.
Salvato in:
| Autore principale: | |
|---|---|
| Natura: | Capitolo di libro |
| Lingua: | slovacco |
| Soggetti: | |
| Tags: |
Nessun Tag, puoi essere il primo ad aggiungerne!!
|
MARC
| LEADER | 00000naa$a2200000$$$4500 | ||
|---|---|---|---|
| 001 | 0160113 | ||
| 005 | 20240502083354.2 | ||
| 041 | 0 | |a slo | |
| 044 | |a CZ | ||
| 245 | 1 | 0 | |a Kontrola kvality v prostredí malých a stredných audítorských spoločností |c Petra Krišková |
| 520 | |a Uplatňovanie požiadaviek medzinárodného štandardu ISQC 1 - Kontrola kvality pre firmy, ktoré vykonávajú audit a preverenia finančných výkazov a zákazky na ostatné uisťovacie a súvisiace služby. | ||
| 610 | 2 | 0 | |a audítorstvo |
| 610 | 2 | 0 | |a audítori |
| 610 | 2 | 0 | |a audit etický |
| 610 | 2 | 0 | |a normy |
| 610 | 2 | 0 | |a kontrola kvality |
| 100 | 1 | |a Krišková, Petra, 1981- | |